000 00376nam a2200145Ia 4500
008 230711s9999||||xx |||||||||||||| ||und||
041 _aENG
082 _a621
_bBO-F
100 _aBowlers,Joseph E
245 0 _aFoundation analysis and design
250 _a1st Ed.
260 _c1988
_aNew York
_bTata McGraw Hill Education Limited
650 _aCivil Engineering
942 _cBK
999 _c1039
_d1039